• 首页
  • 本馆介绍
  • 公告通知
  • 最新文献
  • 馆藏检索
  • 电子资源
  • 读者导购
  • 参考咨询
  • 我的图书馆
  • 登录
  • 详细信息显示
  • 放入我的书架
  • 预约/预借图书
  • 作者相关作品
  • 分类相关作品
  • 丛书相关作品
  • 出版社相关作品

书目信息

  • 表格格式
  • 工作单格式
  • 卡片格式
题名:
植物化石和孢粉的现代分析技术
    
 
作者: 琼斯 , Jones , 罗 , Rowe 主编 ;王怿 , 刘陆军 译
分册:  
出版信息: 合肥   中国科学技术大学出版社  2005
页数: 15,420页
开本: 26cm
丛书名:
单 册:
中图分类: Q914.2 , Q944.571
科图分类:
主题词: 植物化石--研究 , 孢粉学--研究 , 植物化石 , 孢粉学
电子资源:
ISBN: 7-312-01772-X
000 01278nam0 2200349 450
001 012007413793
005 20070525154957.62
010    @a7-312-01772-X@dCNY79.00
100    @a20070517d2005 km y0chiy0120 ea
101 1  @achi@ceng
102    @aCN@b340000
105    @aa z 000yy
106    @ar
200 1  @a植物化石和孢粉的现代分析技术@Azhi wu hua shi he bao fen de xian dai fen xi ji shu@f(英)T. P. Jones,(法)N. P. Rowe主编@F(ying)T.P.Jones,(fa)N.P.Rowe zhu bian@g王怿,刘陆军等译@Gwang yi,liu lu jun deng yi
210    @a合肥@c中国科学技术大学出版社@d2005
215    @a15,420页@c图@d26cm
330    @a本书主要讲述了植物化石和袍粉的寻找、采集和提取技术;植物化石和袍子的解剖和内部结构的研究手段;在植物化中研究地球化学和生物地球化学分析的各种方法。
510 1  @aFossil plants and spores:modern techniques@zeng
606 0  @a植物化石@x研究
606 0  @a孢粉学@x研究
606 0  @a植物化石
606 0  @a孢粉学
690    @aQ914.2@v4
690    @aQ944.571@v4
701  1 @c(英)@a琼斯@Aqiong si@bT.P.@4主编
701  1 @c(英)@aJones@bT.P.@4主编
701  1 @c(法)@a罗@Aluo@bN.P.@4主编
701  1 @c(法)@aRowe@bN.P.@4主编
702  0 @a王怿@Awang yi@4译
702  0 @a刘陆军@Aliu lu jun@4译
801  0 @aCN@bRULIN@c20070525
905    @dQ914.2@e21@s3
    
    植物化石和孢粉的现代分析技术/(英)T. P. Jones,(法)N. P. Rowe主编/王怿,刘陆军等译.-合肥:中国科学技术大学出版社,2005
    15,420页:图;26cm
    
    
    ISBN 7-312-01772-X:CNY79.00
    本书主要讲述了植物化石和袍粉的寻找、采集和提取技术;植物化石和袍子的解剖和内部结构的研究手段;在植物化中研究地球化学和生物地球化学分析的各种方法。
●
相关链接 在E读中查询图书 在五车中查询图书 在当当中查询图书 在豆瓣中查询图书


正题名:植物化石和孢粉的现代分析技术     索取号:Q914.2/21         预约/预借

序号 登录号 条形码 馆藏地/架位号 状态 备注
1 0581169   205811692   第二样本阅览室/ [索取号:Q914.2/21] 在馆    
2 0581170   205811709   第三借阅区/ [索取号:Q914.2/21] 在馆    
3 0581171   205811718   第三借阅区/ [索取号:Q914.2/21] 在馆    
唐山师范学院图书馆 欢迎您!
大连网信软件有限公司© 版权所有